Markets (Record no. 83321)
[ view plain ]
| 000 -LEADER | |
|---|---|
| fixed length control field | 01175cab a22002055a 4500 |
| 001 - CONTROL NUMBER | |
| control field | L153580 |
| 008 - FIXED-LENGTH DATA ELEMENTS--GENERAL INFORMATION | |
| fixed length control field | 110808e20110722xxk 000 0 eng d |
| 035 ## - SYSTEM CONTROL NUMBER | |
| System control number | (Sirsi) u153580 |
| 041 0# - LANGUAGE CODE | |
| Language code of text/sound track or separate title | eng |
| 100 1# - MAIN ENTRY--PERSONAL NAME | |
| Personal name | Stewart, Sarah |
| 245 00 - TITLE STATEMENT | |
| Title | Markets |
| Remainder of title | South-west |
| 260 ## - PUBLICATION, DISTRIBUTION, ETC. | |
| Date of publication, distribution, etc. | 2011 |
| 490 #0 - SERIES STATEMENT | |
| Series statement | Property Week |
| Volume/sequential designation | 77(29) 22 July 2011, 45-51(5) |
| 520 ## - SUMMARY, ETC. | |
| Summary, etc. | Developer Verve Properties wants BBC to expand into Verve's 120 000 sq ft extension of the Paintworks Development in Bristol. Urban Splash plans to redevelop Torbay Council's Oldway Mansion in Paignton into a 55-bed hotel. Quintain and Aviva Investors will complete phase two of Bristol Science Park at Emersons Green. Bristol's Cabot Circus is now 97%. Mulberry founder to open a £10m retail-led scheme at Kilver Court in Shepton Mallet. British Land's major purchases in Plymouth and Barnstaple show their commitment to the region. Sainsbury's to facilitate Bristol Rovers move to a new stadium. |
| 590 ## - LOCAL NOTE (RLIN) | |
| Local note | KA |
| 651 #4 - SUBJECT ADDED ENTRY--GEOGRAPHIC NAME | |
| Geographic name | England |
| Chronological subdivision | 886- |
| 690 ## - LOCAL SUBJECT ADDED ENTRY--TOPICAL TERM (OCLC, RLIN) | |
| Topical term or geographic name as entry element | PROPERTY-COMMERCIAL PROPERTY-COMMERCIAL PROPERTY MARKET |
| 690 ## - LOCAL SUBJECT ADDED ENTRY--TOPICAL TERM (OCLC, RLIN) | |
| Topical term or geographic name as entry element | PROPERTY-COMMERCIAL PROPERTY-COMMERCIAL PROPERTY FINANCE AND INVESTMENT |
| 942 ## - ADDED ENTRY ELEMENTS (KOHA) | |
| Suppress in OPAC | 0 |
| Withdrawn status | Lost status | Source of classification or shelving scheme | Damaged status | Not for loan | Home library | Current library | Shelving location | Date acquired | Total Checkouts | Full call number | Barcode | Date last seen | Copy number | Price effective from | Koha item type |
|---|---|---|---|---|---|---|---|---|---|---|---|---|---|---|---|
| Dewey Decimal Classification | London | London | Journal article | 08/08/2011 | L153580 | 153580-1001 | 06/08/2019 | 1 | 06/08/2019 | Journal article |